header

Cooperative internet computing (Record no. 15046)

MARC details
000 -LEADER
fixed length control field 01499nam a2200337Ia 4500
082 04 - DEWEY DECIMAL CLASSIFICATION NUMBER
Classification number 006.7/6
245 10 - TITLE STATEMENT
Title Cooperative internet computing
260 ## - PUBLICATION, DISTRIBUTION, ETC. (IMPRINT)
Place of publication Singapore ;
-- Hackensack, NJ :
Name of publisher World Scientific,
Year of publication c2008.
300 ## - PHYSICAL DESCRIPTION
Number of Pages xiv, 187 p. :
Other physical details ill.
650 #0 - SUBJECT ADDED ENTRY--TOPICAL TERM
Topical Term Electronic data processing
Topical Term Internet programming
Topical Term Mobile computing
700 1# - ADDED ENTRY--PERSONAL NAME
Personal name Chan, Alvin Toong Shoon.
856 40 - ELECTRONIC LOCATION AND ACCESS
Uniform Resource Identifier http://site.ebrary.com/lib/rucke/Doc?id=10255831

No items available.

© 2026 Rongo University
Contact us: librarian | system librarian | Rongo university